All Mario Kart 8 Deluxe Racetracks - Statistics

General Stats
  • This quiz has been taken 15 times
  • The average score is 49 of 105
Answer Stats
Answer % Correct
Mario Circuit (DS)
80%
Mario Circuit (GBA)
80%
Mario Circuit (Wii U)
80%
Rainbow Road (3DS)
80%
Rainbow Road (N64)
80%
Rainbow Road (SNES)
80%
Rainbow Road (Wii)
80%
Rainbow Road (Wii U)
80%
Big Blue
70%
Cheep Cheep Beach
70%
Yoshi Circuit
70%
Baby Park
60%
Bowser's Castle (Wii U)
60%
Coconut Mall
60%
Mario Kart Stadium
60%
Moo Moo Meadows
60%
Singapore Speedway
60%
Thwomp Ruins
60%
Toad's Turnpike
60%
Twisted Mansion
60%
Waluigi Pinball
60%
Wario Stadium (DS)
60%
Wild Woods
60%
Amesterdam Drift
50%
Animal Crossing
50%
Daisy Circuit
50%
DK Jungle
50%
Dolphin Shoals
50%
Dragon Driftway
50%
Excitebike Arena
50%
Grumble Volcano
50%
Hyrule Circuit
50%
London Loop
50%
Mario Circuit 3
50%
Mount Wario
50%
Mushroom Gorge
50%
Neo Bowser City
50%
Royal Raceway
50%
Sherbet Land (GCN)
50%
Shy Guy Falls
50%
Snow Land
50%
Sydney Sprint
50%
Toad Circuit
50%
Waluigi Stadium (GCN)
50%
Wario's Gold Mine
50%
Water Park
50%
Yoshi's Island
50%
Yoshi Valley
50%
Athens Dash
40%
Bangkok Rush
40%
Battle Course 1 (SNES)
40%
Battle Stadium
40%
Berlin Byways
40%
Cheese Land
40%
Choco Mountain
40%
Cloudtop Cruise
40%
Daisy Cruiser
40%
DK Mountain
40%
DK Summit
40%
Donut Plains 3
40%
Dragon Palace
40%
Dry Dry Desert
40%
Electrodome
40%
Ice Ice Outpost
40%
Kalimari Desert
40%
Luigi's Mansion (GCN)
40%
Lunar Colony
40%
Madrid Drive
40%
Maple Treeway
40%
Merry Mountain
40%
Moonview Highway
40%
Music Park
40%
Mute City
40%
New York Minute
40%
Ninja Hideaway
40%
Paris Promenade
40%
Ribbon Road
40%
Rock Rock Mountain
40%
Rosalina's Ice World
40%
Sky Garden
40%
Sky-High Sundae
40%
Squeaky Clean Sprint
40%
Sunshine Airport
40%
Super Bell Subway
40%
Sweet Sweet Canyon
40%
Tick-Tock Clock
40%
Toad Harbor
40%
Tokyo Blur
40%
Urchin Underpass
40%
Vancouver Velocity
40%
Wuhu Town (3DS)
40%
Bone-Dry Dunes
30%
Boo Lake
30%
Bowser Castle 3 (SNES)
30%
Koopa Cape
30%
Los Angeles Laps
30%
Peach Gardens
30%
Piranha Plant Cove
30%
Piranha Plant Slide
30%
Riverside Park
30%
Rome Avanti
30%
Shroom Ridge
30%
Sunset Wilds
30%
Sweet Sweet Kingdom
30%
City Tracks
0%
No matching quizzes found
Score Distribution
Percent of People with Each Score
Percentile by Number Answered
Your Score History
You have not taken this quiz